00322 2200133 4500001002100000005001500021035002000036245003800056100001800094260004300112082000800155084001400163990001100177INLIS00000000000243720250604101928 a0010-06250000231 aSenja Di Jakarta /cMochtar Lubis0 aMochtar Lubis aJakarta :bYayan Obor Indonesia,c1996 a800 a800 MOC s a983577